000 00436nam a22001697a 4500
003 NUST - PNEC
005 20170116180828.0
008 150728b xxu||||| |||| 00| 0 eng d
020 _a0030287049
040 _cLIBRARY
082 _a515.35 ABE
100 _94495
_aAbell, Martha L.
245 _aModern differential equations
_cMartha L. Abell
250 _a2nd ed
650 _94496
_aDifferential Equations
_xMIS
942 _2ddc
_cBK
999 _c63959
_d63959